000 00464nam a2200169 4500
001 127123
003 ES-MaACL
005 20250730063129.0
007 t|
008 070214s1912 sp r ||||1| spa d
100 1 _aReyes, Arturo,
_d1864-1913
_996560
245 1 0 _aRomances andaluces /
_cArturo Reyes.
260 _aMálaga :
_b[s.n.],
_c1912 (
_fTip. Zambrana)
300 _a202 p. ;
_c20 cm.
852 _aES-MaACL
_jF-2486
999 _c127123
_d127123